[Event "Roncana op-B 8th"]
[Site "Santa Eulalia de Roncana"]
[Date "2014.11.15"]
[Round "5"]
[White "Rodriguez Baraldes, Ferran"]
[Black "Cervello Tost, Jordi"]
[Result "1-0"]
[WhiteElo "1700"]
[BlackElo "1727"]
[PlyCount "75"]
[EventDate "2014.10.11"]
[EventType "swiss"]
[EventRounds "8"]
[EventCountry "ESP"]
[SourceTitle "EXT 2016"]
[Source "ChessBase"]
[SourceDate "2015.10.08"]
[SourceVersion "1"]
[SourceVersionDate "2015.10.08"]
[SourceQuality "1"]

1. e4 e5 2. Nf3 Nc6 3. d4 exd4 4. Nxd4 Nf6 5. Nc3 Bb4 6. Bg5 h6 7. Bh4 Qe7 8. Bd3 Nxd4 9. 0-0 0-0 10. Nd5 Qd6 11. c3 Nxd5 12. exd5 Qxd5 13. cxd4 Qxd4 14. Bh7+ Kxh7 15. Qxd4 Bd6 16. Bg3 Bxg3 17. fxg3 d6 18. Qe4+ Kg8 19. Rac1 c6 20. Rf3 d5 21. Qe7 Be6 22. Qxb7 Rab8 23. Qxa7 Rxb2 24. Rxc6 d4 25. Qxd4 Rxa2 26. Rfc3 Rfa8 27. Rc1 R2a4 28. Qd1 Bg4 29. Qc2 Be6 30. Rd6 Ra2 31. Qd3 g6 32. Qe3 Kh7 33. h4 R2a3 34. Qe4 R8a4 35. Rd4 Ra5 36. Rc7 Rxg3 37. Qxe6 Ra1+ 38. Kf2 1-0

[Event "Roncana op-C U14 7th"]
[Site "Santa Eulalia de Roncana"]
[Date "2013.11.16"]
[Round "6"]
[White "Rodriguez Baraldes, Ferran"]
[Black "Perez Parera, Santi"]
[Result "1-0"]
[WhiteElo "1700"]
[BlackElo "1700"]
[PlyCount "42"]
[EventDate "2013.10.05"]
[EventType "swiss"]
[EventRounds "8"]
[EventCountry "ESP"]
[SourceTitle "EXT 2015"]
[Source "ChessBase"]
[SourceDate "2014.11.20"]
[SourceVersion "1"]
[SourceVersionDate "2014.11.20"]
[SourceQuality "1"]

1. e4 e5 2. Nf3 Nc6 3. d4 Nf6 4. Bg5 Bd6 5. Nc3 Qe7 6. Nd5 Qd8 7. dxe5 Nxe5 8. Qd4 Nxf3+ 9. gxf3 Be7 10. 0-0-0 0-0 11. Rg1 Nxd5 12. Bxe7 f6 13. Qxd5+ Rf7 14. Bxd8 c6 15. Rxg7+ Kxg7 16. Qh5 Kf8 17. Qh6+ Kg8 18. Bc4 d5 19. exd5 Bf5 20. dxc6 bxc6 21. Bxf6 Raf8 1-0

[Event "Roncana op-C U14 7th"]
[Site "Santa Eulalia de Roncana"]
[Date "2013.11.09"]
[Round "5"]
[White "Pont Anon, Manel"]
[Black "Rodriguez Baraldes, Ferran"]
[Result "0-1"]
[WhiteElo "1710"]
[BlackElo "1700"]
[PlyCount "38"]
[EventDate "2013.10.05"]
[EventType "swiss"]
[EventRounds "8"]
[EventCountry "ESP"]
[SourceTitle "EXT 2015"]
[Source "ChessBase"]
[SourceDate "2014.11.20"]
[SourceVersion "1"]
[SourceVersionDate "2014.11.20"]
[SourceQuality "1"]

1. e4 e5 2. Nf3 Nc6 3. Nc3 Nf6 4. Bc4 Bc5 5. d4 exd4 6. Ng5 0-0 7. Nd5 Re8 8. 0-0 Nxe4 9. Nxe4 Rxe4 10. Bd3 Re6 11. Nf4 Rf6 12. Nd5 Rd6 13. Qh5 g6 14. Qh6 Rxd5 15. Bg5 Rxg5 16. Qh4 Rxg2+ 17. Kxg2 Qxh4 18. Kh1 Bd6 19. Rfe1 Qxh2# 0-1

[Event "Roncana op-C U14 7th"]
[Site "Santa Eulalia de Roncana"]
[Date "2013.10.19"]
[Round "3"]
[White "Rodriguez Baraldes, Ferran"]
[Black "Barrios Rosas, Marti"]
[Result "0-1"]
[WhiteElo "1700"]
[BlackElo "1710"]
[PlyCount "62"]
[EventDate "2013.10.05"]
[EventType "swiss"]
[EventRounds "8"]
[EventCountry "ESP"]
[SourceTitle "EXT 2015"]
[Source "ChessBase"]
[SourceDate "2014.11.20"]
[SourceVersion "1"]
[SourceVersionDate "2014.11.20"]
[SourceQuality "1"]

1. e4 e5 2. Nf3 Nc6 3. d4 exd4 4. Nxd4 d6 5. Bb5 Bd7 6. Nc3 Nxd4 7. Bxd7+ Qxd7 8. Qxd4 c5 9. Qd3 Nf6 10. 0-0 Be7 11. Qg3 Nh5 12. Qf3 g6 13. Bh6 0-0-0 14. Qxf7 a6 15. Nd5 Kb8 16. Nxe7 Rde8 17. Bg5 h6 18. Bh4 g5 19. Qxh5 gxh4 20. Ng6 Rhg8 21. Nxh4 Qg7 22. Rad1 Rxe4 23. g3 Qf6 24. f4 Rxf4 25. Rxf4 Qxf4 26. Rxd6 Qxd6 27. Nf5 Qe5 28. g4 Qe1+ 29. Kg2 Qe2+ 30. Kg1 Rxg4+ 31. Qxg4 Qxg4+ 0-1

[Event "Roncana op-C U14 7th"]
[Site "Santa Eulalia de Roncana"]
[Date "2013.10.12"]
[Round "2"]
[White "Espada Espanol, Tura"]
[Black "Rodriguez Baraldes, Ferran"]
[Result "0-1"]
[WhiteElo "1737"]
[BlackElo "1700"]
[PlyCount "59"]
[EventDate "2013.10.05"]
[EventType "swiss"]
[EventRounds "8"]
[EventCountry "ESP"]
[SourceTitle "EXT 2015"]
[Source "ChessBase"]
[SourceDate "2014.11.20"]
[SourceVersion "1"]
[SourceVersionDate "2014.11.20"]
[SourceQuality "1"]

1. e4 d5 2. Nc3 dxe4 3. Nxe4 Bf5 4. Bd3 e6 5. Nf3 Nf6 6. 0-0 Nxe4 7. Bxe4 Bxe4 8. d3 Bd5 9. Bg5 Be7 10. Qd2 f6 11. Bh4 g5 12. Bg3 Bd6 13. Bxd6 Qxd6 14. Qe3 Nc6 15. Rfe1 Nb4 16. Rac1 Nxa2 17. Rcd1 Nb4 18. Rd2 0-0-0 19. c4 Bxf3 20. Qxf3 Rde8 21. c5 Qxc5 22. Qxf6 e5 23. Qxg5 Rhg8 24. Qf5+ Kb8 25. Qf3 Ref8 26. d4 Qd6 27. Qh3 c5 28. d5 Nxd5 29. Red1 Qc6 30. Rxd5 0-1

[Event "Roncana op-C 6th"]
[Site "Santa Eulalia de Roncana"]
[Date "2012.11.03"]
[Round "4.9"]
[White "Rodriguez Baraldes, Ferran"]
[Black "Punsola Mena, Pol"]
[Result "1-0"]
[WhiteElo "1700"]
[BlackElo "1755"]
[PlyCount "47"]
[EventDate "2012.10.06"]
[EventType "swiss"]
[EventRounds "8"]
[EventCountry "ESP"]
[SourceTitle "EXT 2024"]
[Source "ChessBase"]
[SourceDate "2023.10.10"]
[SourceVersion "1"]
[SourceVersionDate "2023.10.10"]
[SourceQuality "1"]

1. e4 e5 2. Nf3 Nf6 3. Nc3 Bc5 4. Bc4 Ng4 5. 0-0 0-0 6. h3 Nf6 7. Nxe5 d6 8. Nf3 Nc6 9. d4 Bb6 10. Bf4 Qe8 11. Re1 Bd7 12. e5 Qc8 13. exf6 Bxh3 14. fxg7 Qg4 15. gxf8Q+ Rxf8 16. g3 Ba5 17. Bh6 Rd8 18. Ng5 Qd7 19. Nxf7 Bxc3 20. Ne5+ d5 21. Nxd7 Bxe1 22. Bxd5+ Kh8 23. Qf3 Nxd4 24. Qf6# 1-0

[Event "Roncana op-C 5th"]
[Site "Santa Eulalia de Roncana"]
[Date "2011.10.08"]
[Round "2"]
[White "Guerrero Baez, Indira"]
[Black "Rodriguez Baraldes, Ferran"]
[Result "0-1"]
[WhiteElo "1700"]
[BlackElo "1711"]
[PlyCount "28"]
[EventDate "2011.10.01"]
[EventType "swiss"]
[EventRounds "8"]
[EventCountry "ESP"]
[SourceTitle "EXT 2013"]
[Source "ChessBase"]
[SourceDate "2012.11.22"]
[SourceVersion "1"]
[SourceVersionDate "2012.11.22"]
[SourceQuality "1"]

1. e4 e5 2. Nf3 Nc6 3. Bb5 Nf6 4. 0-0 Bc5 5. Nc3 0-0 6. d3 d6 7. Bg5 h6 8. a4 hxg5 9. Nxg5 Bg4 10. Qc1 Nh5 11. Nh3 Qf6 12. Qb1 Qg6 13. Qa2 Bxh3 14. Ne2 Qxg2# 0-1

[Event "Roncana op-C 5th"]
[Site "Santa Eulalia de Roncana"]
[Date "2011.10.01"]
[Round "1"]
[White "Rodriguez Baraldes, Ferran"]
[Black "Garcia Lopez, Ferran"]
[Result "0-1"]
[WhiteElo "1711"]
[BlackElo "1802"]
[PlyCount "72"]
[EventDate "2011.10.01"]
[EventType "swiss"]
[EventRounds "8"]
[EventCountry "ESP"]
[SourceTitle "EXT 2013"]
[Source "ChessBase"]
[SourceDate "2012.11.22"]
[SourceVersion "1"]
[SourceVersionDate "2012.11.22"]
[SourceQuality "1"]

1. e4 e5 2. Nf3 Nf6 3. Nc3 Nc6 4. Bc4 Bc5 5. d3 d6 6. h3 Be6 7. Nd5 Nb4 8. Ng5 Nbxd5 9. Nxe6 fxe6 10. exd5 exd5 11. Bb5+ c6 12. Ba4 0-0 13. 0-0 Qb6 14. Qf3 Rf7 15. c4 dxc4 16. Bd1 Raf8 17. Be3 Qxb2 18. Rc1 Bxe3 19. Qxe3 Nd5 20. Qe2 Qxc1 21. Ba4 Nc3 22. Qc2 Qxc2 23. Bxc2 Ne2+ 24. Kh1 Ng3+ 25. fxg3 Rxf1+ 26. Kh2 Rc1 27. Ba4 Rff1 28. g4 c3 29. g5 Rce1 30. h4 b5 31. Bb3+ d5 32. g4 Re2+ 33. Kg3 Re3+ 34. Kg2 Rf8 35. Bc2 Re2+ 36. Kh3 Rf3# 0-1